03841nab a2200313 i 4500003000900000005001700009008004100026040001800067072000800085072000800093100001700101100001600118100001700134100001600151100001900167100001800186245017100204500007500375520133500450520133001785650002603115650002103141650001703162650002303179773022003202856007003422942001603492999001903508BR-BrBNA20240304145819.0240304b2006 bl.qr|p|oa||| 00| 0 por | aBR-BrBNAbpor aF01 aF50 aVieira, M.C. aGomes, H.E. aSangalli, A. aHeredia, Z. aTeixeira, I.R. aRamos, M.B.M. aCrescimento e produção de biomassa de calêndula (Calendula officinalis L.) proveniente de dois tipos de diásporos e duas colorações de capítulos florais aPublicação on-line; 17 ref.; 1 table; 1 illus.; Summaries (En, Pt) a RESUMO: O trabalho teve por objetivo avaliar o crescimento e a produção de biomassa de plantas de calêndula, oriundas dos diásporos alado e navicular e de capítulos florais amarelos e laranja, em Dourados-MS. Os tratamentos foram arranjados como fatorial 2 x 2, no delineamento de blocos casualizados, com cinco repetições. Foi avaliada a altura das plantas; matérias frescas e secas e número dos capítulos florais; matéria fresca dos diásporos e a população final de plantas. A altura das plantas cresceu linearmente, exceto daquelas provenientes dos diásporos alados e capítulos amarelos, que foram quadráticas. A altura máxima média aos 120 dias após o transplante foi de 34,02 cm. As produções de matérias frescas e secas de capítulos florais não foram influenciadas pelos tratamentos, tendo apresentado valores médios de 484,43 e 142,56 kg/ha, respectivamente. O maior número médio de capítulos (6.388,25 mil/ha) foi obtido com o uso de diásporos alados e capítulos florais laranja. Os tratamentos não influenciaram a matéria fresca dos diásporos e a população final de plantas e foram, em média, de 118,98 kg/ha e 62.012 plantas/ha, respectivamente. Palavras-chave: Calendula officinalis, planta medicinal, melhoramento, caracteres morfológicos a ABSTRACT: Growth and biomass yield of marigold (Calendula officinalis L) deriving from two diasporas types and two floral chapters coloration. The work objective was to evaluate growth and biomass yield of marigold, sourced the winged diasporas and navicular and yellow floral chapter and orange, in DouradosMS. Treatments were arranged as a 2x2 factorial scheme, in a randomized block design, with five replications. Were evaluated the plants height; fresh and dry matters and number of floral chapters; fresh matter of diasporas and finish population of plants. The height of plants grew lineally, except of those coming the winged diasporas and yellow chapters, that were quadratic. The average maximum height to 120 days after the transplant was of 34.02cm. The yield of fresh matter and dry of floral chapters it was not influenced by treatments, having presented average values of 484.43 and 142.56kg/ha, respectively. The largest average number of chapters (6,388.25thousand/ha) it was obtained with use of winged diasporas and floral orange chapters. The treatments didn’t influence of fresh matter the diasporas and the finish population of plants and they were, on average, of 118.98kg/ha and 62,012plants/ha, respectively. Key words: Calendula officinalis, medicinal plants, breeding, morphologic characters aCALENDULA OFFICINALIS aPLANTA MEDICINAL aMELHORAMENTO aMORFOLOGIA VEGETAL0 035439313785dBotucatu-SP Instituto de Biociências - Departamento de Química e Bioquímica 1998o2024-0053tRevista Brasileira de Plantas Medicinais (Brazil)x1516-0572gv. 8(4) p. 193-197; (2006)wBR2024000102 uhttp://www.sbpmed.org.br/admin/files/papers/file_9jyFAZYJBS5M.pdf cAnalítica c298672d298672